00524 2200205 4500245003800000020002200038250001100060100001900071700001900090700002600109650004300135005001900178260003900197041001400236084000800250300002000258336000900278337001000287338002100297 aAnimal FarmcOrwell, GeorgehText a978-602-291-282-8 aCet. 1 aOrwell, George aBakdi Soemanto aIka Yuliana Kurniasih aNovel Inggris (dalam Bahasa Indonesia) a20230616131222 aYogyakartabPenerbit Bentangc2015 aIndonesia a823 a148 hlm. :cPDF atext aother aother (computer)